Informácie v činnosti manažéra

Gespeichert in:
Bibliographische Detailangaben
1. Verfasser: Kačír, Klement
Format: Buch
Sprache:Slowakisch
Veröffentlicht: Bratislava Alfa 1990
Ausgabe:1. vyd.
Schriftenreihe:Edícia ekonomickej literatúry
Tags: Tag hinzufügen
Keine Tags, Fügen Sie das erste Tag hinzu!

MARC

LEADER 00000nam a2200000 4500
001 c023421
005 20221215070701.7
041 0 |a slo 
044 |a SK 
245 1 0 |a Informácie v činnosti manažéra  |c Klement Kačír 
250 |a 1. vyd. 
264 1 |a Bratislava  |b Alfa  |c 1990 
300 |a 203 s. 
490 1 |a Edícia ekonomickej literatúry 
830 0 |a Edícia ekonomickej literatúry 
100 1 |a Kačír, Klement